000
00273nam a2200109Ia 4500
008
200302s9999 xx 000 0 und d
100
_a
Y. S. Sane
245
_a
Planning and Designing Buildings
260
_b
Engineering Book Publishing Co.
260
_c
1959
300
_a
244 P.,
999
_c
993
_d
993